Score 0/16 Timer 04:00
0 Plays Today
% Correct
Real Madrid
92.5%
Manchester City
91.2%
Ajax
85.9%
Borussia Dortmund
85.5%
Leicester City
83.4%
Schalke 04
76.4%
Sporting Lisbon
73.7%
AS Roma
68.4%
% Correct
Red Bull Salzburg
65.1%
Sevilla FC
63.8%
AS Monaco
51.2%
FC Copenhagen
45.6%
Legia Warsaw
34.3%
Aberdeen FC
29.7%
KRC Genk
26.2%
Olympique de Marseille
24.4%
Remove Ads.
Support Sporcle.
Get the best of Sporcle when you Go Orange. This ad-free experience offers more features, more stats, and more fun while also helping to support Sporcle. Thank you for becoming a member.

You're not logged in!

Compare scores with friends on all Sporcle quizzes.
OR
Log In

Show Comments

Extras

Top Quizzes Today


Score Distribution

Your Account Isn't Verified!

In order to create a playlist on Sporcle, you need to verify the email address you used during registration. Go to your Sporcle Settings to finish the process.

Report this User

Report this user for behavior that violates our Community Guidelines.

Details: